Masnavi ""The Quran in Persian"" (Record no. 66246)
[ view plain ]
| 000 -LEADER | |
|---|---|
| fixed length control field | 00525nam a2200193Ia 4500 |
| 001 - CONTROL NUMBER | |
| control field | 65146 |
| 008 - FIXED-LENGTH DATA ELEMENTS--GENERAL INFORMATION | |
| fixed length control field | 220211n2021 ii |||gr||||Z||||||asm |
| 041 ## - LANGUAGE CODE | |
| Language code of text/sound track or separate title | asm |
| 082 ## - DEWEY DECIMAL CLASSIFICATION NUMBER | |
| Classification number | 891.4511 |
| 100 ## - MAIN ENTRY--PERSONAL NAME | |
| Personal name | Saikiya. |
| 245 #0 - TITLE STATEMENT | |
| -- | " |
| Title | Masnavi ""The Quran in Persian"" |
| Statement of responsibility, etc. | By Safiur Rahman Saikiya (Translator) |
| Medium | Textual Documents" |
| 250 ## - EDITION STATEMENT | |
| Edition statement | First. |
| 260 ## - PUBLICATION, DISTRIBUTION, ETC. | |
| Place of publication, distribution, etc. | Guwahati |
| Name of publisher, distributor, etc. | AANK-BAAK |
| Date of publication, distribution, etc. | 2021 |
| 300 ## - PHYSICAL DESCRIPTION | |
| Extent | 639pg: |
| Dimensions | 23cm. |
| 653 ## - INDEX TERM--UNCONTROLLED | |
| -- | " |
| Uncontrolled term | Masnavi ""The Quran in Persian""" |
| 653 ## - INDEX TERM--UNCONTROLLED | |
| Uncontrolled term | sufi |
| 653 ## - INDEX TERM--UNCONTROLLED | |
| Uncontrolled term | G-Assamese |
| 942 ## - ADDED ENTRY ELEMENTS (KOHA) | |
| Source of classification or shelving scheme | Dewey Decimal Classification |
| Koha item type | Books |
| Withdrawn status | Lost status | Damaged status | Not for loan | Collection | Home library | Current library | Shelving location | Date acquired | Coded location qualifier | Cost, normal purchase price | Total checkouts | Full call number | Barcode | Date last seen | Copy number | Price effective from | Koha item type |
|---|---|---|---|---|---|---|---|---|---|---|---|---|---|---|---|---|---|
| Dr. Suryya Kumar Bhuyan Library | Dr. Suryya Kumar Bhuyan Library | 11/02/2022 | 00000 | 800.00 | 891.451 Sa21Ma | 6394/gift | 14/01/2024 | 1 | 11/02/2022 | Books |
